000 00343nam a22001337a 4500
003 SGT
082 _a617.525
_bN14M
100 _aMANN, PRIYANKA
245 _a NAVIGATIONAL TECHNOLOGY IN ORAL AND MAXILLOFACIAL SURGERY
260 _aDELHI NCR
_bSGT UNIVERSITY GURUGRAM
_c2014
300 _a1-90
650 _aORAL SURGERY
942 _2ddc
_cTH
999 _c18920
_d18920